Music Quiz

Random Music or Album Quiz

Chicago Albums by cover description Quiz Stats

 Plays Quiz not verified by Sporcle

Challenge
Share
Tweet
Embed
Score 0/19 Timer 02:00
0 Plays Today
Description Album name % Correct
Brown paper package (tied up with strings!)???
71.4%
Chocolate Bar???
66.7%
Carved Wood???
64.3%
Computer chip???
64.3%
Greater Chicago area map???
59.5%
Modern high-rise???
59.5%
Brushed Silver???
57.1%
Tattered Flag???
57.1%
Fingerprint???
57.1%
Silly band photo???
54.8%
Description Album name % Correct
Engraved paper currency???
47.6%
Embossed leather???
47.6%
Big red numeral on blue background???
42.9%
Concrete (with jackhammered cut-outs, i.e. Meigs Field)???
40.5%
Paint on wood???
38.1%
Underwater mosaic???
31%
Computer graphic collage art???
31%
Embroidered Cloth???
28.6%
Chiseled rock???
23.8%

You're not logged in!

Compare scores with friends on all Sporcle quizzes.
OR
Log In

You Might Also Like...

Show Comments

Extras

Top Quizzes Today


Score Distribution

Your Account Isn't Verified!

In order to create a playlist on Sporcle, you need to verify the email address you used during registration. Go to your Sporcle Settings to finish the process.

Report this User

Report this user for behavior that violates our Community Guidelines.

Details: